The Sustainable Urban Development Reader /

Enregistré dans:
Détails bibliographiques
Autres auteurs: Wheeler, Stephen M. (Éditeur intellectuel)
Format: Livre
Langue:anglais
Publié: London: Routledge, 2022
Édition:4. vyd.
Sujets:
Tags: Ajouter un tag
Pas de tags, Soyez le premier à ajouter un tag!

MARC

LEADER 00000nam a22000003a 4500
001 0111511
003 SK-STU
005 20240930122527.2
007 ta
008 240930s ----xo-----e------000-0-----d
020 |a 9781003288718 
040 |a STU  |b slo 
041 0 |a eng  |h eng 
044 |a xxk 
100 1 |a Wheeler, Stephen M.   |4 edt 
245 1 0 |a The Sustainable Urban Development Reader /  |c ed. Stephen M. Wheeler 
250 |a 4. vyd. 
260 |a London:  |b Routledge,  |c 2022 
300 |a 540 s. 
500 |a E-book 
650 0 7 |a trvalo udržateľný rozvoj 
650 0 7 |a mestá 
650 0 7 |a e-kniha 
996 |c V* 30/EK  |l VVT  |s A  |a 24  |w 0111511_0001